Common Diseases - Dermatology - Statistics

General Stats
  • This quiz has been taken 65 times
  • The average score is 8 of 43
Answer Stats
Hint Answer % Correct
Infections (Viral) Herpes Simplex
61%
Infections (Viral) Herpes Zoster/Varicella
61%
Scaling Disorders (Eczema) Psoriasis
60%
Cosmetic Acne
56%
Malignant & Premalignant Melanoma
54%
Malignant & Premalignant Basal Cell Carcinoma
42%
Malignant & Premalignant Squamous Cell Carcinoma
42%
Infections (Fungal) Tinea - pedis, cruris, corporis, versicolor, capitis
33%
Infections (Parasitic) Scabies
32%
Malignant & Premalignant Actinic Keratosis
26%
Infections (Bacterial) Cellulitis
25%
Scaling Disorders (Eczema) Contact Dermatitis
23%
Infections (Bacterial) Impetigo
23%
Infections (STDs) Human Papilloma Virus
19%
Infections (STDs) Syphillis
19%
Infections (Bacterial) Lyme Disease
18%
Bullous & Blistering Pemphigus Vulgaris
18%
Scaling Disorders (Eczema) Seborrheic Dermatitis
18%
Bullous & Blistering (Drug Eruptions/Hypersensitivity) Steven Johnson Syndrome
18%
Bullous & Blistering Bullous Pemphigoid
16%
Infections (Bacterial) Folliculitis, Furuncles and Carbuncles
14%
Malignant & Premalignant Seborrheic Keratosis
12%
Bullous & Blistering (Drug Eruptions/Hypersensitivity) Toxic Epidermal Necrolysis
12%
Bullous & Blistering (Drug Eruptions/Hypersensitivity) Urticaria
7%
Infections (Bacterial) Erysipelas
5%
Infections (Bacterial) Necrotizing Fascitis
5%
Scaling Disorders (Eczema) Pityriasis Rosea
5%
Toxin Staphylococcal Scalded Skin Syndrome
5%
Scaling Disorders (Eczema) Atopic Dermatits
4%
Bullous & Blistering Pemphigus Foliaceus
4%
Toxin Anthrax
2%
Malignant & Premalignant Benign Lesions
2%
Bullous & Blistering (Drug Eruptions/Hypersensitivity) Fixed Drug Reaction
2%
Malignant & Premalignant Kaposi's Sarcoma
2%
Infections (Parasitic) Pediculosis
2%
Scaling Disorders (Eczema) Stasis Dermatitis
2%
Toxin Toxic Shock Syndrome
2%
Scaling Disorders (Eczema) Xerosis (Asteatotic Dermstitis)
2%
Bullous & Blistering (Drug Eruptions/Hypersensitivity) Erythema Nodusum
0%
Bullous & Blistering (Drug Eruptions/Hypersensitivity) Morbilliform Rash
0%
Infections (Fungal) Onychomychosis
0%
Infections (Bacterial) Paronychia
0%
Bullous & Blistering Porphyria Cutanea Tarda
0%
No matching quizzes found
Score Distribution
Percent of People with Each Score
Percentile by Number Answered
Your Score History
You have not taken this quiz